Normal view
MARC view
Entry Personal Name
001 - CONTROL NUMBER
- control field: 67868
003 - CONTROL NUMBER IDENTIFIER
- control field: dpl
005 - DATE AND TIME OF LATEST TRANSACTION
- control field: 20240627151119.0
008 - FIXED-LENGTH DATA ELEMENTS
- fixed length control field: 240627|| aca||aabn | a|a d
040 ## - CATALOGING SOURCE
- Original cataloging agency: dpl
- Transcribing agency: dpl
100 ## - HEADING--PERSONAL NAME
- Personal name: Devadas, V.M
670 ## - SOURCE DATA FOUND
- Source citation: Work cat.: (dpl)203796: Devadas, V.M., The Boar Hunt/, 2023
